| 000 | 01703cam a22004217a 4500 | ||
|---|---|---|---|
| 003 | CHAP | ||
| 005 | 20220329142548.0 | ||
| 008 | 010926d mx r 00110 spa d | ||
| 010 | _a84938 | ||
| 011 | _a85910 | ||
| 035 | _a96448 | ||
| 040 | _cCHAP | ||
| 090 | _aFolleto 16392 | ||
| 100 | 0 | 0 |
_aGarcía, Anselmo. _946770 |
| 245 | 1 | 0 |
_aProcesos de subcontratación y cambios en la calificación de los trabajadores : _bestudios de caso en México _c/por Anselmo García, Leonard Mertens y Roberto Wilde |
| 260 |
_aSantiago de Chile : _bComisión Económica para América Latina y el Caribe, _c1999. |
||
| 300 | _a77 p. | ||
| 410 | 0 | 0 | _aComision Económica para América Latina y el Caribe. División de Desarrollo Productivo y Empresarial |
| 490 | 0 |
_aDesarrollo productivo _v; 54 |
|
| 590 |
_aBATCH-UPD _b10 _c20130110 _lUCH01 _h0408 |
||
| 590 |
_aBATCH-UPD _b10 _c20130110 _lUCH01 _h1952 |
||
| 590 |
_aBATCH-UPD _b10 _c20130410 _lUCH01 _h0043 |
||
| 590 |
_aBATCH-UPD _b10 _c20130410 _lUCH01 _h1556 |
||
| 590 |
_aBATCH-UPD _b10 _c20130914 _lUCH01 _h1153 |
||
| 590 |
_aCONVERSION _b10 _c20130109 _lUCH01 _h1347 |
||
| 650 | 1 | 4 |
_aIndustria _xOrganización. _957757 |
| 650 | 1 | 4 |
_aPolítica industrial _zMéxico. _990676 |
| 650 | 1 | 4 |
_aProductividad. _991868 |
| 650 | 1 | 4 |
_aTrabajo y trabajadores _zMéxico. _9114553 |
| 700 | 0 | 0 |
_aMertens, Leonard. _975038 |
| 700 | 0 | 0 |
_aWilde, Roberto. _9121916 |
| 810 | 0 | 0 |
_aComision Económica para América Latina y el Caribe. División de Desarrollo Productivo y Empresarial _925652 |
| 830 | 0 | 0 |
_aDesarrollo productivo _v; 54 _932065 |
| 901 | _aBK | ||
| 905 | _aAlejandra Carrasco M. | ||
| 942 | _cFOLL | ||
| 949 |
_aFolleto 16392 _bBC _cFOLL _d964481 _eTS1 _i96448 _sb _t$ 111.00 |
||
| 999 |
_c84938 _d84938 |
||